Normal view
MARC view
- Adamo,Peter
Entry Personal Name
001 - CONTROL NUMBER
- control field: 3534
003 - CONTROL NUMBER IDENTIFIER
- control field: JO-AjAnu
005 - DATE AND TIME OF LATEST TRANSACTION
- control field: 20230606070901.0
008 - FIXED-LENGTH DATA ELEMENTS
- fixed length control field: 230606|| aca||aabn | a|a d
040 ## - CATALOGING SOURCE
- Original cataloging agency: JO-AjAnu
- Transcribing agency: JO-AjAnu
100 ## - HEADING--PERSONAL NAME
- Personal name: Adamo,Peter
670 ## - SOURCE DATA FOUND
- Source citation: Work cat.: (JO-AjAnu)1845: Adamo,Peter, author, Eat right 4 (for) your type : the individualized diet solution to staying healthy, living longer & achieving your ideal weight